[Event "Saint Louis Blitz"]
[Site "Saint Louis"]
[Date "2018.08.14"]
[Round "8"]
[White "Nakamura, Hikaru"]
[Black "Mamedyarov, Shakhriyar"]
[Result "1-0"]
[WhiteElo "2777"]
[BlackElo "2801"]
[PlyCount "75"]
[EventDate "2018.08.11"]
[EventType "tourn (blitz)"]
[EventRounds "18"]
[EventCountry "USA"]
[EventCategory "21"]
[SourceTitle "CBM 186"]
[Source "ChessBase"]
[SourceDate "2018.09.14"]
[SourceVersion "1"]
[SourceVersionDate "2018.09.14"]
[SourceQuality "1"]

1. Nf3 d5 2. b3 Nf6 3. Bb2 g6 4. g3 Bg7 5. c4 dxc4 6. bxc4 b6 7. Bg2 Bb7 8. O-O c5 9. d3 O-O 10. Nbd2 Nc6 11. Qb3 $146 ({RR} 11. Bc3 Qc7 12. a4 a5 13. Qb3 Nd7 14. Bxg7 Kxg7 15. Qb2+ e5 16. Ne4 Rae8 17. Nc3 Nb4 18. Ne1 Bxg2 19. Nxg2 Nb8 20. Ne3 N8c6 21. Ned5 Qd8 22. Rad1 f6 23. f4 Nxd5 24. cxd5 Nb4 25. e4 Qd7 {Vadasz,L-Cserna,L Budapest 1975 1-0 (44)}) ({RR} 11. Ne5 Qc7 12. Nxc6 Bxc6 13. Bxc6 Qxc6 14. a4 a6 15. Nf3 Nd7 16. Bxg7 Kxg7 17. a5 b5 18. d4 bxc4 19. dxc5 Nxc5 20. Qd4+ Kg8 21. Qxc4 Rfc8 22. Rfc1 Qf6 {½-½ (22) Hornicek,J (2271)-Klimes,M (2140) Czech Republic 1999}) 11... Re8 12. Rad1 Qc7 13. e3 Rad8 14. a3 Qc8 15. Rfe1 Qa8 16. Qc2 Rd7 17. e4 Ng4 18. Bxg7 Kxg7 19. Bh3 h5 20. e5 Red8 21. e6 Rxd3 22. exf7 e5 23. Ng5 Qc8 24. f3 Qf5 25. Nge4 Rxd2 26. Rxd2 Nd4 27. Rxd4 Rxd4 28. fxg4 Bxe4 29. f8=Q+ Kxf8 30. Qe2 hxg4 31. Bxg4 Qg5 32. h4 Qe7 33. Qe3 Kg7 34. h5 gxh5 35. Bxh5 Bg6 36. Bf3 Rd3 37. Qe2 e4 38. Qxd3 1-0

[Event "Magas m rapid"]
[Site "Magas"]
[Date "2018.08.20"]
[Round "1"]
[White "Wei, Yi"]
[Black "Inarkiev, Ernesto"]
[Result "1-0"]
[WhiteElo "2735"]
[BlackElo "2690"]
[PlyCount "89"]
[EventDate "2018.08.20"]
[EventType "match (rapid)"]
[EventRounds "6"]
[EventCountry "RUS"]
[SourceTitle "CBM 186"]
[Source "ChessBase"]
[SourceDate "2018.09.14"]
[SourceVersion "1"]
[SourceVersionDate "2018.09.14"]
[SourceQuality "1"]

1. Nf3 d5 2. e3 c5 3. c4 d4 4. b4 dxe3 5. fxe3 cxb4 6. d4 Nf6 7. Bd3 g6 8. a3 bxa3 9. O-O Bg7 10. Nc3 O-O 11. Bxa3 b6 ({RR} 11... a5 12. Rb1 Nc6 13. Qe1 b6 14. Qh4 Nb4 15. Rxb4 axb4 16. Bxb4 Re8 17. Ne5 Bb7 18. Nxf7 Qc8 19. Ne5 Qe6 20. Ne2 Nh5 21. Nf4 Nxf4 22. exf4 Bxe5 23. fxe5 Ra2 24. Rf2 Rxf2 25. Qxf2 Qg4 26. Bc3 {Crump. Alexander J (2049)-Yang,Q (2229) Charlotte USA 2025 ½-½ (179)}) 12. Kh1 Nc6 13. Rc1 $146 ({RR} 13. e4 Bg4 14. e5 Nh5 15. Be4 Rc8 16. Bxc6 Rxc6 17. Nd5 Rxc4 18. Nxe7+ Kh8 19. Qb3 Rc7 20. Ng5 Be6 21. Nxe6 fxe6 22. Qxe6 Nf4 23. Qg4 Qxd4 24. Nxg6+ hxg6 25. Bxf8 Bxe5 26. Rad1 Qc4 27. Bh6 Rf7 {Aravindh,C (2718)-Nakamura,H (2802) chess.com INT 2024 1-0}) 13... Bg4 14. h3 Bxf3 15. Qxf3 Rc8 16. Nd5 Qd7 17. g4 Ne8 18. Bc2 Nd6 19. Ba4 Kh8 20. c5 bxc5 21. Rxc5 f5 22. Nf4 Ne4 23. Rxc6 Rxc6 24. d5 Nd2 25. Bxc6 Qc7 26. Ne6 Qa5 27. Qf2 Nxf1 28. Bb2 Ng3+ 29. Qxg3 Bxb2 30. Nxf8 Qa1+ 31. Qg1 Qa3 32. Ne6 Qd3 33. Nf4 Qe4+ 34. Qg2 Qb1+ 35. Kh2 Be5 36. g5 Qd1 37. Qg3 Kg8 38. Kg2 a5 39. Qf2 Qb1 40. Qd2 a4 41. d6 Bxd6 42. Qd5+ Kh8 43. Qd4+ e5 44. Qxd6 Qc2+ 45. Kf3 1-0

[Event "RUS-ch 71st"]
[Site "Satka"]
[Date "2018.09.01"]
[Round "7"]
[White "Oparin, Grigoriy"]
[Black "Kobalia, Mihail"]
[Result "1-0"]
[WhiteElo "2609"]
[BlackElo "2619"]
[PlyCount "125"]
[EventDate "2018.08.24"]
[EventType "tourn"]
[EventRounds "11"]
[EventCountry "RUS"]
[EventCategory "18"]
[SourceTitle "CBM 186"]
[Source "ChessBase"]
[SourceDate "2018.09.14"]
[SourceVersion "1"]
[SourceVersionDate "2018.09.14"]
[SourceQuality "1"]

1. Nf3 d5 2. g3 c6 3. Bg2 Bg4 4. O-O Nf6 5. h3 Bh5 6. d4 e6 7. c4 Nbd7 8. cxd5 exd5 9. Nh4 Bg6 10. Nc3 Be7 11. Nxg6 hxg6 12. Qd3 O-O ({RR} 12... a5 13. h4 Nb6 14. Bf4 Nh5 15. Be5 O-O 16. g4 Nf6 17. g5 Nh5 18. e4 f6 19. Bh2 fxg5 20. exd5 Bd6 21. Qxg6 Bxh2+ 22. Kxh2 Nf4 23. Qxg5 Qxg5 24. hxg5 Rf5 25. Ne4 cxd5 26. Ng3 Rxg5 27. Rac1 {Oparin,G (2652)-Prohaszka,P (2581) Chess.com INT 2021 ½-½ (49)}) 13. Bf3 Ne8 $146 ({RR} 13... Bd6 14. h4 Re8 15. Kg2 Qe7 16. Rh1 Ne4 17. h5 g5 18. h6 g6 19. h7+ Kh8 20. Qe3 f6 21. Bxe4 dxe4 22. f3 exf3+ 23. Qxf3 Bb4 24. e3 Bxc3 25. bxc3 Qe4 26. Qxe4 Rxe4 27. Rb1 b6 28. Kf3 {Repka,C (2516)-Bastidas Rodriguez,E (2351) Chennai 2022 ½-½ (44)}) ({RR} 13... Re8 14. Kg2 Nf8 15. Bd2 Ne6 16. Rad1 a5 17. h4 a4 18. Bc1 b5 19. e4 b4 20. exd5 cxd5 21. Ne2 Qb6 22. Be3 a3 23. b3 Nc7 24. Rh1 Qa6 25. Qxa6 Rxa6 26. Rc1 Nb5 27. g4 Bf8 28. g5 {Banusz,T (2620)-Matviishen,V (2490) Hungary 2019 ½-½ (78)}) 14. h4 Nd6 15. Bf4 f5 16. b4 Ne4 17. b5 g5 18. hxg5 Bxg5 19. bxc6 bxc6 20. Bc1 Rf6 21. Nxd5 cxd5 22. Bxg5 Nxg5 23. Bxd5+ Kh8 24. Bxa8 Qxa8 25. f3 Qd5 26. Kg2 Ne6 27. e4 fxe4 28. fxe4 Qg5 29. e5 Rh6 30. Rac1 g6 31. Rc8+ Kg7 32. Qf3 Qe7 33. d5 Ng5 34. Qc3 Qxe5 35. Qxe5+ Nxe5 36. Rc7+ Ngf7 37. Re1 Kf6 38. Rf1+ Kg7 39. Rxa7 Rh8 40. a4 Rb8 41. a5 Rb5 42. a6 Ra5 43. d6 g5 44. d7 Nd8 45. Rf5 Ra2+ 46. Rf2 Ra3 47. Ra8 Nec6 48. Kh3 Ra4 49. Re2 Nf7 50. Re6 g4+ 51. Kg2 Nfd8 52. Re8 Ra2+ 53. Kf1 Ra1+ 54. Kf2 Ra2+ 55. Ke1 Nf7 56. a7 Kf6 57. Rac8 Nxa7 58. Rf8 Ra1+ 59. Kd2 Ra2+ 60. Kc1 Ra1+ 61. Kb2 Rd1 62. d8=Q+ Rxd8 63. Rcxd8 1-0

[Event "Wch U20 57th"]
[Site "Manavgat"]
[Date "2018.09.13"]
[Round "9"]
[White "Maghsoodloo, Parham"]
[Black "Liang, Awonder"]
[Result "1-0"]
[WhiteElo "2649"]
[BlackElo "2575"]
[PlyCount "105"]
[EventDate "2018.09.05"]
[EventType "swiss"]
[EventRounds "11"]
[EventCountry "TUR"]
[SourceTitle "CBM 186 Extra"]
[Source "ChessBase"]
[SourceDate "2018.08.24"]
[SourceVersion "1"]
[SourceVersionDate "2018.08.24"]
[SourceQuality "1"]

1. Nf3 c5 2. g3 Nc6 3. Bg2 e5 4. d3 g6 5. O-O Bg7 6. c3 Nge7 7. a3 O-O 8. b4 d6 9. e4 b6 10. Bb2 Bb7 11. Nbd2 Qd7 12. Qb3 h6 13. Rfe1 Kh7 14. d4 $146 ({RR} 14. Nc4 f5 15. b5 Nd8 16. a4 f4 17. a5 Qc7 18. axb6 axb6 19. Rxa8 Bxa8 20. d4 Nf7 21. d5 g5 22. Bh3 h5 23. Be6 Bf6 24. Qa4 Bb7 25. Qa7 Nc8 26. Bxc8 Qxc8 27. Nxb6 Qh3 28. Qxb7 g4 {Hofegger,J (2072)-Vitouch,A (2320) Austria 2016 0-1 (34)}) 14... cxd4 15. cxd4 Nxd4 16. Nxd4 exd4 17. Nf3 Ng8 18. Nxd4 Nf6 19. Rad1 Rfe8 20. f3 Rac8 21. Bf1 a6 22. b5 Ra8 23. bxa6 Bxa6 24. Nb5 Re6 25. a4 Bxb5 26. axb5 Qc7 27. Rc1 Qa7 28. Ra1 Qb7 29. Ra6 d5 30. Rea1 Rf8 31. Bh3 Ree8 32. e5 Nd7 33. Ra7 Nc5 34. Qc2 Qb8 35. f4 Ne6 36. Bxe6 Rxe6 37. Qd3 Kg8 38. Qxd5 Rd8 39. Qf3 Bf8 40. Ra8 Qc7 41. Rxd8 Qxd8 42. Ra8 Qd7 43. Ba3 Re8 44. Rxe8 Qxe8 45. Qc6 Qd8 46. Bd6 Kg7 47. Kg2 h5 48. Kh3 Kg8 49. Kg2 Kg7 50. Kf3 Kg8 51. Ke4 Kg7 52. Kd5 Kg8 53. Qb7 1-0

[Event "Cheliabinsk Kurnosov Memorial rapid"]
[Site "Cheliabinsk"]
[Date "2018.09.09"]
[Round "10"]
[White "Oparin, Grigoriy"]
[Black "Demidov, Mikhail"]
[Result "1-0"]
[WhiteElo "2612"]
[BlackElo "2514"]
[PlyCount "71"]
[EventDate "2018.09.07"]
[EventType "swiss (rapid)"]
[EventRounds "11"]
[EventCountry "RUS"]
[SourceTitle "CBM 186 Extra"]
[Source "ChessBase"]
[SourceDate "2018.08.24"]
[SourceVersion "1"]
[SourceVersionDate "2018.08.24"]
[SourceQuality "1"]

1. Nf3 d5 2. g3 c6 3. Bg2 Bg4 4. O-O Nd7 5. h3 Bxf3 6. Bxf3 Ngf6 7. d3 e5 8. e4 dxe4 9. dxe4 Be7 ({RR} 9... Bc5 10. Qe2 O-O 11. Nd2 a5 12. a4 Qe7 13. Nc4 Qe6 14. Kg2 Nb6 15. Nxb6 Bxb6 16. Rd1 Rfd8 17. Bd2 Bd4 18. Rdb1 Rd7 19. Be1 g6 20. Ra3 h5 21. h4 Bc5 22. Rb3 Qe7 23. Rd1 Rd4 24. Rxd4 {Blohberger,F (2532)-Martin Rueda,D (2266) chess.com INT 2025 1-0 (40)}) 10. Qe2 O-O 11. Nd2 Qc7 12. Nc4 $146 ({RR} 12. a4 a5 13. Nc4 Bc5 14. Bd2 Rfe8 15. Rfd1 b6 16. Kg2 Rad8 17. Be1 Nf8 18. Rxd8 Rxd8 19. Rd1 Rxd1 20. Qxd1 Ne6 21. h4 g6 22. c3 h5 23. Qd3 Bf8 24. Bd2 Nc5 25. Qc2 b5 26. axb5 cxb5 {Mojzis,J (2094)-Renman,N (2320) Assisi ITA 2022 0-1 (44)}) ({RR} 12. a4 a5 13. Nc4 Bc5 14. Bd2 Rfe8 15. Rfd1 b6 16. Kg2 Rad8 17. Be1 Nf8 18. Rxd8 Rxd8 19. Rd1 Rxd1 20. Qxd1 Ne6 21. h4 g6 22. c3 h5 23. Qd3 Bf8 24. Bd2 Nc5 25. Qc2 b5 26. axb5 cxb5 {Mojzis,J (2094)-Renman,N (2320) Assisi ITA 2022 0-1 (44)}) 12... Rfd8 13. Bd2 Nc5 14. Bc3 Nfd7 15. a4 Ne6 16. Rfd1 Nd4 17. Bxd4 exd4 18. e5 Nc5 19. Kh2 Rab8 20. a5 d3 21. cxd3 Nb3 22. Ra2 b5 23. axb6 axb6 24. Qe4 Nd4 25. Bg2 g6 26. Rda1 Bc5 27. Ra7 Rb7 28. Ra8 Rxa8 29. Rxa8+ Rb8 30. Rxb8+ Qxb8 31. b4 Qf8 32. bxc5 Qxc5 33. Nd6 Ne6 34. Qf3 Qxe5 35. Qxf7+ Kh8 36. Nc4 1-0

[Event "PRO League All Stars St1"]
[Site "Chess.com INT"]
[Date "2018.09.08"]
[Round "4"]
[White "Le, Quang Liem"]
[Black "Dreev, Alexey"]
[Result "1-0"]
[WhiteElo "2715"]
[BlackElo "2649"]
[PlyCount "49"]
[EventDate "2018.09.08"]
[EventType "team (blitz)"]
[EventRounds "12"]
[EventCountry "USA"]
[SourceTitle "CBM 186 Extra"]
[Source "ChessBase"]
[SourceDate "2018.08.24"]
[SourceVersion "1"]
[SourceVersionDate "2018.08.24"]
[SourceQuality "1"]
[WhiteTeam "Atlantic"]
[BlackTeam "Pacific"]
[WhiteTeamCountry "USA"]
[BlackTeamCountry "USA"]

1. Nf3 d5 2. g3 Bg4 3. Bg2 c6 4. d3 Nd7 5. Nbd2 e5 6. h3 Bh5 7. e4 Bd6 8. O-O Ngf6 9. Qe1 O-O 10. Nh4 Re8 11. a4 ({RR} 11. Bf3 Bxf3 12. Nhxf3 a5 13. a4 Nc5 14. b3 Qd7 15. Kg2 b5 16. axb5 cxb5 17. exd5 Nxd5 18. Bb2 Nb4 19. Qd1 f5 20. d4 exd4 21. Bxd4 Ne4 22. Nxe4 fxe4 23. Ne1 Qc6 24. Kg1 Nd5 25. Ng2 Bb4 {Masague Artero,G (2334)-Alcala Gonzalez,C (2283) Barcelona ESP 2024 1-0 (43)}) 11... Nc5 ({RR} 11... a5 12. Nf5 Bb4 13. Kh2 dxe4 14. dxe4 Nc5 15. Qe3 Bxd2 16. Bxd2 Ncxe4 17. Bc1 Nd6 18. Nxg7 Kxg7 19. Qh6+ Kh8 20. Bg5 Bg6 21. Rad1 Re6 22. f4 exf4 23. Rxf4 Qe7 24. Rxf6 Rxf6 25. Rf1 Ne8 26. Qh4 {Karjakin,S (2760)-Movsesian,S (2721) Moscow 2010 0-1 (37)}) 12. a5 a6 $146 ({RR} 12... Qc7 13. Kh1 Rad8 14. b3 Ne6 15. Ndf3 Nc5 16. Nh2 Ne6 17. Nf5 Bf8 18. Be3 c5 19. Qb1 dxe4 20. dxe4 Be2 21. Re1 Bb5 22. c4 Bc6 23. Bc1 b5 24. axb6 Bb5 25. bxc7 {1-0 (25) Kuzubov,Y (2643)-Wang,J (2312) Chess.com INT 2020}) ({RR} 12... Qc7 13. Kh1 Rad8 14. b3 Ne6 15. Ndf3 Nc5 16. Nh2 Ne6 17. Nf5 Bf8 18. Be3 c5 19. Qb1 dxe4 20. dxe4 Be2 21. Re1 Bb5 22. c4 Bc6 23. Bc1 b5 24. axb6 Bb5 25. bxc7 {1-0 (25) Kuzubov,Y (2643)-Wang,J (2312) Chess.com INT 2020}) 13. Kh1 Ne6 14. Nb3 Qc7 15. Be3 Bf8 16. f4 c5 17. fxe5 Qxe5 18. Rf5 Qxb2 19. e5 Bg6 20. exf6 Bxf5 21. Nxf5 Qxf6 22. Qf2 Qd8 23. Rf1 Qd7 24. Nxc5 Bd6 25. Nxd7 1-0

[Event "PRO League All Stars St1"]
[Site "Chess.com INT"]
[Date "2018.09.08"]
[Round "4"]
[White "Nakamura, Hikaru"]
[Black "Shimanov, Aleksandr"]
[Result "1-0"]
[WhiteElo "2763"]
[BlackElo "2626"]
[PlyCount "107"]
[EventDate "2018.09.08"]
[EventType "team (blitz)"]
[EventRounds "12"]
[EventCountry "USA"]
[SourceTitle "CBM 186 Extra"]
[Source "ChessBase"]
[SourceDate "2018.08.24"]
[SourceVersion "1"]
[SourceVersionDate "2018.08.24"]
[SourceQuality "1"]
[WhiteTeam "Pacific"]
[BlackTeam "Atlantic"]
[WhiteTeamCountry "USA"]
[BlackTeamCountry "USA"]

1. Nf3 d5 2. b3 Bg4 3. Bb2 Nd7 4. g3 Bxf3 5. exf3 e6 6. Bg2 Ngf6 7. O-O Bd6 8. f4 O-O ({RR} 8... c6 9. d3 h5 10. h4 Qc7 11. Nd2 O-O-O 12. Nf3 e5 13. fxe5 Nxe5 14. Nxe5 Bxe5 15. d4 Bd6 16. c4 Qd7 17. Qd2 Ne4 18. Qa5 b6 19. Qa4 Kb8 20. c5 bxc5 21. Bxe4 dxe4 22. dxc5 Bxc5 23. Qxe4 {Fedoseev,V (2733)-Motylev,A (2675) Sochi 2017 1-0 (36)}) 9. d3 c6 10. Nd2 a5 $146 ({RR} 10... Re8 11. Nf3 a5 12. a4 Qc7 13. Re1 e5 14. fxe5 Nxe5 15. Qd2 Nxf3+ 16. Bxf3 Bb4 17. c3 Bd6 18. Rxe8+ Rxe8 19. Re1 Re7 20. Rxe7 Qxe7 21. Qe2 Kf8 22. Qxe7+ Kxe7 23. Kf1 Ke6 24. c4 dxc4 25. bxc4 {Provaznik,M (2127)-Pires,M (2302) Chess.com INT 2021 0-1 (36)}) ({RR} 10... Re8 11. Nf3 a5 12. a4 Qc7 13. Re1 e5 14. fxe5 Nxe5 15. Qd2 Nxf3+ 16. Bxf3 Bb4 17. c3 Bd6 18. Rxe8+ Rxe8 19. Re1 Re7 20. Rxe7 Qxe7 21. Qe2 Kf8 22. Qxe7+ Kxe7 23. Kf1 Ke6 24. c4 dxc4 25. bxc4 {Provaznik,M (2127)-Pires,M (2302) Chess.com INT 2021 0-1 (36)}) 11. a3 Re8 12. c4 e5 13. fxe5 Bxe5 14. d4 Bc7 15. Qc2 Nf8 16. Nf3 Ne6 17. c5 Ne4 18. Rad1 N6g5 19. Ne5 f6 20. Nd3 Nf7 21. Rfe1 Qd7 22. f3 Neg5 23. Nf2 f5 24. Nd3 Rxe1+ 25. Rxe1 Re8 26. Qd2 Rxe1+ 27. Qxe1 Ne6 28. Bc3 g6 29. f4 Qe7 30. b4 axb4 31. axb4 Qf6 32. b5 Qe7 33. Nb4 Qd7 34. Qa1 g5 35. Qa8+ Nfd8 36. b6 Bxf4 37. gxf4 Nxf4 38. Bd2 Qe7 39. Bxf4 gxf4 40. Nd3 Qe3+ 41. Nf2 Qe7 42. Qb8 Qg5 43. Nh3 Qh4 44. Qxf4 Qe1+ 45. Bf1 Ne6 46. Qb8+ Kg7 47. Qxb7+ Kf6 48. Qxc6 Qe3+ 49. Nf2 Kg5 50. Qxd5 Nxd4 51. Qg2+ Kf6 52. b7 Qe5 53. Qg3 f4 54. Ng4+ 1-0

[Event "PRO League All Stars St1"]
[Site "Chess.com INT"]
[Date "2018.09.08"]
[Round "8"]
[White "Meier, Georg"]
[Black "Dreev, Alexey"]
[Result "1-0"]
[WhiteElo "2639"]
[BlackElo "2649"]
[PlyCount "107"]
[EventDate "2018.09.08"]
[EventType "team (blitz)"]
[EventRounds "12"]
[EventCountry "USA"]
[SourceTitle "CBM 186 Extra"]
[Source "ChessBase"]
[SourceDate "2018.08.24"]
[SourceVersion "1"]
[SourceVersionDate "2018.08.24"]
[SourceQuality "1"]
[WhiteTeam "Central"]
[BlackTeam "Pacific"]
[WhiteTeamCountry "USA"]
[BlackTeamCountry "USA"]

1. Nf3 d5 2. g3 c6 3. Bg2 Bg4 4. h3 Bh5 5. c4 e6 6. O-O Nf6 7. d3 Nbd7 ({RR} 7... Be7 8. Qb3 Qb6 9. Be3 Qxb3 10. axb3 a6 11. g4 Bg6 12. Ne5 Nbd7 13. Nxg6 hxg6 14. Nc3 O-O 15. Rac1 Rfd8 16. Rc2 Bb4 17. d4 Ne8 18. Na2 Be7 19. Nc1 Nd6 20. Nd3 f5 21. f3 Kf7 22. Bf2 {Meier,G (2630)-Karjakin,S (2783) Chess.com INT 2017 0-1 (58)}) 8. cxd5 cxd5 9. Qb3 Nc5 10. Qb5+ $146 ({RR} 10. Qc2 Be7 11. Be3 Rc8 12. b4 Na6 13. Qa4+ Qd7 14. Qxd7+ Nxd7 15. a3 Bf6 16. Ra2 O-O 17. g4 Bg6 18. Nbd2 Nc7 19. Rc1 Nb5 20. Rac2 Rxc2 21. Rxc2 d4 22. Bg5 e5 23. Bxf6 gxf6 24. Nh4 Rb8 {Ferrante,M (2132)-Niedbala,B (2424) Spilimbergo ITA 2024 ½-½}) ({RR} 10. Qc2 Be7 11. Be3 Rc8 12. b4 Na6 13. Qa4+ Qd7 14. Qxd7+ Nxd7 15. a3 Bf6 16. Ra2 O-O 17. g4 Bg6 18. Nbd2 Nc7 19. Rc1 Nb5 20. Rac2 Rxc2 21. Rxc2 d4 22. Bg5 e5 23. Bxf6 gxf6 24. Nh4 Rb8 {Ferrante,M (2132)-Niedbala,B (2424) Spilimbergo ITA 2024 ½-½}) 10... Qd7 11. Nc3 a6 12. Qxd7+ Ncxd7 13. Bf4 Be7 14. Rac1 O-O 15. Rc2 h6 16. Rfc1 g5 17. Be3 Bg6 18. h4 Ng4 19. Bd2 gxh4 20. Nxh4 Bxh4 21. gxh4 h5 22. f3 Nge5 23. Bf4 Nc6 24. Kf2 Kh7 25. Na4 Rfe8 26. Bh3 Rad8 27. Rc3 Re7 28. Bc7 Rc8 29. Bd6 Ree8 30. Rb3 Na5 31. Rbc3 Nc6 32. a3 Bf5 33. Bxf5+ exf5 34. Nc5 Nxc5 35. Rxc5 Re6 36. Bf4 Rce8 37. e3 Rd8 38. Rg1 Rg6 39. Rg5 Rxg5 40. Bxg5 Rd7 41. Bf4 Kg6 42. Ke2 f6 43. d4 Kf7 44. Kd3 Ke6 45. Ke2 Rg7 46. Kf2 Rd7 47. Ke2 Rg7 48. Kf2 Rd7 49. Rc1 Kf7 50. Rc5 Ke6 51. Rc2 Rg7 52. Rc1 Rd7 53. Rg1 Kf7 54. Bh6 1-0

[Event "PRO League All Stars St1"]
[Site "Chess.com INT"]
[Date "2018.09.08"]
[Round "8"]
[White "Nakamura, Hikaru"]
[Black "Jones, Gawain C B"]
[Result "1-0"]
[WhiteElo "2763"]
[BlackElo "2677"]
[PlyCount "113"]
[EventDate "2018.09.08"]
[EventType "team (blitz)"]
[EventRounds "12"]
[EventCountry "USA"]
[SourceTitle "CBM 186 Extra"]
[Source "ChessBase"]
[SourceDate "2018.08.24"]
[SourceVersion "1"]
[SourceVersionDate "2018.08.24"]
[SourceQuality "1"]
[WhiteTeam "Pacific"]
[BlackTeam "Central"]
[WhiteTeamCountry "USA"]
[BlackTeamCountry "USA"]

1. Nf3 Nf6 2. b3 d6 3. Bb2 e5 4. e3 Nbd7 ({RR} 4... e4 5. Nd4 d5 6. d3 c5 7. Ne2 exd3 8. cxd3 Nc6 9. Nd2 Be7 10. Nf4 O-O 11. Be2 d4 12. e4 Bd6 13. Nh5 Nxh5 14. Bxh5 Qg5 15. g3 Bh3 16. Be2 Rae8 17. Nf3 Qd8 18. Bf1 Bg4 19. Be2 {Nihal,S (2648)-Erigaisi,A (2675) Chess.com INT 2022 0-1 (47)}) ({RR} 4... c5 5. Nc3 Nc6 6. Bb5 Bd7 7. O-O Be7 8. Re1 O-O 9. d4 e4 10. Nd2 d5 11. dxc5 Bxc5 12. Nxd5 Nxd5 13. Nxe4 Bb4 14. Qxd5 Bxe1 15. Rxe1 Be6 16. Qxd8 Rfxd8 17. Bxc6 bxc6 18. Bd4 Bf5 19. Nc5 {Nakamura,H (2746)-Mousavi,S (2475) Chess.com INT 2019 1-0 (50)}) 5. c4 ({RR} 5. d4 e4 6. Nfd2 g6 7. c4 c6 8. Nc3 d5 9. Be2 a6 10. O-O Bd6 11. f3 exf3 12. Bxf3 dxc4 13. Nxc4 Be7 14. e4 O-O 15. e5 Ne8 16. Ne4 Ng7 17. d5 cxd5 18. Qxd5 Nb6 19. Qxd8 Bxd8 {Dovzik,J (2201)-Grimm,S (2315) chess.com INT 2025 0-1 (33)}) 5... g6 6. d4 $146 ({RR} 6. Nc3 Bg7 7. Be2 O-O 8. O-O Re8 9. Rc1 Nf8 10. d4 e4 11. Nd2 h5 12. Qc2 Bf5 13. Nd5 N6h7 14. c5 c6 15. Nc3 d5 16. b4 a6 17. a4 h4 18. b5 h3 19. g3 Qd7 20. bxc6 bxc6 {Radhakrishnan,S (2019)-Damjanovic,V (2364) chess.com INT 2024 0-1 (33)}) ({RR} 6. Nc3 Bg7 7. Be2 O-O 8. O-O Re8 9. Rc1 Nf8 10. d4 e4 11. Nd2 h5 12. Qc2 Bf5 13. Nd5 N6h7 14. c5 c6 15. Nc3 d5 16. b4 a6 17. a4 h4 18. b5 h3 19. g3 Qd7 20. bxc6 bxc6 {Radhakrishnan,S (2019)-Damjanovic,V (2364) chess.com INT 2024 0-1 (33)}) 6... Bg7 7. dxe5 Ng4 8. Be2 Ngxe5 9. Nxe5 Nxe5 10. Qd2 O-O 11. O-O Re8 12. Nc3 Nd7 13. h3 Nc5 14. Rad1 Bf5 15. Nd5 Ne4 16. Qc1 Nf6 17. Qa1 Re6 18. c5 Be4 19. Nf4 Re8 20. Bc4 Qe7 21. cxd6 cxd6 22. Nd5 Nxd5 23. Bxd5 Bxb2 24. Qxb2 Bxd5 25. Rxd5 Rac8 26. Rfd1 Rc6 27. b4 Rec8 28. Qd4 a6 29. a3 h5 30. Rxd6 Rxd6 31. Qxd6 Qxd6 32. Rxd6 Rc1+ 33. Kh2 Ra1 34. Rd3 h4 35. g3 Ra2 36. Kg2 hxg3 37. Kxg3 Kg7 38. e4 b6 39. h4 a5 40. bxa5 bxa5 41. f3 a4 42. Kf4 Kh6 43. Ke5 Rb2 44. Rd7 Kg7 45. Rd3 Kh6 46. f4 Kh5 47. Kf6 Rf2 48. f5 gxf5 49. exf5 Rf4 50. Rd5 Rf3 51. Kxf7 Rxa3 52. f6+ Kxh4 53. Rd4+ Kg5 54. Kg7 Rf3 55. f7 a3 56. f8=Q Rxf8 57. Kxf8 1-0

[Event "PRO League All Stars St1"]
[Site "Chess.com INT"]
[Date "2018.09.08"]
[Round "10"]
[White "Iturrizaga Bonelli, Eduardo"]
[Black "Xiong, Jeffery"]
[Result "1-0"]
[WhiteElo "2636"]
[BlackElo "2651"]
[PlyCount "59"]
[EventDate "2018.09.08"]
[EventType "team (blitz)"]
[EventRounds "12"]
[EventCountry "USA"]
[SourceTitle "CBM 186 Extra"]
[Source "ChessBase"]
[SourceDate "2018.08.24"]
[SourceVersion "1"]
[SourceVersionDate "2018.08.24"]
[SourceQuality "1"]
[WhiteTeam "Atlantic"]
[BlackTeam "Pacific"]
[WhiteTeamCountry "USA"]
[BlackTeamCountry "USA"]

1. Nf3 d5 2. c4 d4 3. e3 Nc6 4. b4 dxe3 5. fxe3 e5 6. b5 Nb4 7. Nc3 ({RR} 7. a3 Nd3+ 8. Bxd3 Qxd3 9. Nxe5 Qe4 10. Bb2 Qxg2 11. Qf3 Qxf3 12. Nxf3 Bg4 13. O-O Nf6 14. d4 Bh3 15. Re1 g5 16. Nbd2 Rg8 17. e4 g4 18. Nh4 O-O-O 19. e5 Bh6 20. Nf1 Bg5 21. Nf5 Nh5 {Glozar,P (2133)-Schoupal,P (1948) Czech Republic CZE 2025 1-0 (35)}) 7... Bf5 8. e4 Bg4 9. a3 $146 ({RR} 9. d3 Bxf3 10. gxf3 Qh4+ 11. Ke2 O-O-O 12. Nd5 Nxd5 13. cxd5 Bc5 14. Qe1 Qh5 15. Qg3 f5 16. Bh3 Ne7 17. Bg5 Kb8 18. Bxe7 Bxe7 19. Bxf5 Qe8 20. a4 g6 21. Be6 Bc5 22. Qxe5 Rf8 23. Rhf1 Be7 {Pajeken,J (2357)-Frischmann,R (2347) Magdeburg 2021 1-0 (32)}) ({RR} 9. d3 Bxf3 10. gxf3 Qh4+ 11. Ke2 O-O-O 12. Nd5 Nxd5 13. cxd5 Bc5 14. Qe1 Qh5 15. Qg3 f5 16. Bh3 Ne7 17. Bg5 Kb8 18. Bxe7 Bxe7 19. Bxf5 Qe8 20. a4 g6 21. Be6 Bc5 22. Qxe5 Rf8 23. Rhf1 Be7 {Pajeken,J (2357)-Frischmann,R (2347) Magdeburg 2021 1-0 (32)}) 9... Bxf3 10. gxf3 Nd3+ 11. Bxd3 Qxd3 12. Qe2 Qd7 13. Bb2 c6 14. Qe3 Ne7 15. O-O-O Ng6 16. Kb1 Rd8 17. Qxa7 Qd3+ 18. Ka1 Be7 19. Qxb7 O-O 20. Qxc6 Ra8 21. a4 Bb4 22. Qd5 Qc2 23. Rc1 Qb3 24. c5 Rxa4+ 25. Nxa4 Qxa4+ 26. Kb1 Qxb5 27. c6 Qb6 28. c7 Ba3 29. Qa2 Bc5 30. Rxc5 1-0